Statistiques concernant CSGO Top 20 HLTV 2013

Cliquez ici pour prendre le quiz!

Statistiques générales

  • Ce quiz a été pris 7 fois
  • Le résultat moyen est 12 sur 20

Statistiques - réponses

Top #CountryPlayer% Correct
2Swedenf0rest
100%
1SwedenGeT_RiGhT
100%
10SlovakiaGuardiaN
100%
8SwedenJW
100%
5FranceNBK
100%
19PolandpashaBiceps
100%
7BelgiumScreaM
100%
3Franceshox
100%
18Denmarkdupreeh
67%
16UkraineEdward
67%
12FrancekennyS
67%
15Ukrainemarkeloff
67%
13Swedenflusha
33%
11Swedenfriberg
33%
17FranceSmithZz
33%
20DenmarkXyp9x
33%
4RussiaDosia
0%
9USAHiko
0%
14DenmarkNico
0%
6SwedenXizt
0%

Distribution des résultats

Percentile par nombre de réponses

% des personnes avec chaque résultat

Votre développement - résultats

Vous n’avez pas pris ce quiz